| 000 | 01138cam a22003377a 4500 | ||
|---|---|---|---|
| 003 | CHAP | ||
| 005 | 20220329133243.0 | ||
| 008 | 971013s1989 r 00010 d | ||
| 010 | _a3970 | ||
| 011 | _a4942 | ||
| 035 | _a4147 | ||
| 040 | _cCHAP | ||
| 090 | _aFolleto 12928 | ||
| 100 | 0 | 0 |
_aNoriega Altamirano, Cenobio Gerardo. _981733 |
| 245 | 1 | 4 | _aLos ambientes para la producción agrícola |
| 260 |
_aChapingo, Méx. : _bUACH. Subdirección de Centros Regionales Universitarios, _c1989 |
||
| 300 | _a10 h | ||
| 500 | _aD52-49 | ||
| 590 |
_aBATCH-UPD _b10 _c20130109 _lUCH01 _h2325 |
||
| 590 |
_aBATCH-UPD _b10 _c20130110 _lUCH01 _h1955 |
||
| 590 |
_aBATCH-UPD _b10 _c20130409 _lUCH01 _h1849 |
||
| 590 |
_aBATCH-UPD _b10 _c20130914 _lUCH01 _h1116 |
||
| 590 |
_aCONVERSION _b10 _c20130109 _lUCH01 _h1303 |
||
| 650 | 1 | 4 |
_aCultivos _xRendimiento. _930318 |
| 650 | 1 | 4 |
_aCultivos _xZonas de _xMéxico. _930348 |
| 901 | _aBK | ||
| 942 | _cFOLL | ||
| 949 |
_aFolleto 12928 _bBC _cFOLL _d-13680 _eTS1 _i4147 _mD _si |
||
| 949 |
_aFolleto 12928 _bBC _cFOLL _d-79036 _eTS2 _fc.2 _i4147 _mD _si |
||
| 949 |
_aFolleto 12928 _bBC _cFOLL _d-79037 _eTS2 _fc.3 _i4147 _mD _si |
||
| 999 |
_c3970 _d3970 |
||